LIBRARY & INFORMATION CENTRE, KCAET, TAVANUR

ONLINE PUBLIC ACCESS CATALOGUE (OPAC)

Higher engineering mathematics / (Record no. 4762)

MARC details
000 -LEADER
fixed length control field 00432cam a2200181ua 4500
041 ## - LANGUAGE CODE
Language code of text/sound track or separate title eng
082 ## - DEWEY DECIMAL CLASSIFICATION NUMBER
Classification number 518
Item number GRE/HI
100 ## - MAIN ENTRY--AUTHOR NAME
Personal name Grewal, B S.
245 ## - TITLE STATEMENT
Title Higher engineering mathematics /
250 ## - EDITION STATEMENT
Edition statement 20 /
260 ## - PUBLICATION, DISTRIBUTION, ETC. (IMPRINT)
Place of publication Delhi :
Name of publisher Khanna publishers ,
Year of publication 1988.
300 ## - PHYSICAL DESCRIPTION
Number of Pages 1022 ; .
942 ## - ADDED ENTRY ELEMENTS (KOHA)
Koha item type Books
Holdings
Withdrawn status Lost status Damaged status Home library Current library Date acquired Full call number Accession Number Koha item type
Withdrawn     KAUAET KAUAET 02/10/1986 518 14804 Books
free website counter